Score 0/135 Timer 20:00
0 Plays Today
Year Fictional Character % Correct
2002Bruce Wayne
85%
2005Bruce Wayne
85%
2006Bruce Wayne
85%
2007Bruce Wayne
85%
2008Bruce Wayne
85%
2010Bruce Wayne
85%
2011Bruce Wayne
85%
2012Bruce Wayne
85%
2013Bruce Wayne
85%
2002Willy Wonka
83.5%
2005Willy Wonka
83.5%
2006Willy Wonka
83.5%
2007Willy Wonka
83.5%
2005Lara Croft
75.2%
2006Lara Croft
75.2%
2008Lara Croft
75.2%
2013Lara Croft
75.2%
2002C. Montgomery Burns
73.7%
2005C. Montgomery Burns
73.7%
2006C. Montgomery Burns
73.7%
2007C. Montgomery Burns
73.7%
2008C. Montgomery Burns
73.7%
2010C. Montgomery Burns
73.7%
2011C. Montgomery Burns
73.7%
2012C. Montgomery Burns
73.7%
2013C. Montgomery Burns
73.7%
2002Jay Gatsby
71.4%
2010Jay Gatsby
71.4%
2013Jay Gatsby
71.4%
2006Tony Stark
70.7%
2007Tony Stark
70.7%
2008Tony Stark
70.7%
2010Tony Stark
70.7%
2013Tony Stark
70.7%
2011Tony Stark
69.2%
2002Scrooge McDuck
60.9%
2005Scrooge McDuck
60.9%
2006Scrooge McDuck
60.9%
2007Scrooge McDuck
60.9%
2008Scrooge McDuck
60.9%
2011Scrooge McDuck
60.9%
2013Scrooge McDuck
60.9%
2010Scrooge McDuck
58.6%
2002Oliver Warbucks
54.9%
2005Oliver Warbucks
54.9%
Year Fictional Character % Correct
2006Oliver Warbucks
54.9%
2011Smaug
53.4%
2012Smaug
53.4%
2013Smaug
53.4%
2002Charles Foster Kane
49.6%
2012Charles Foster Kane
49.6%
2013Charles Foster Kane
49.6%
2005Lucius Malfoy
48.9%
2006Lucius Malfoy
48.9%
2007Lucius Malfoy
48.9%
2012Tony Stark
48.9%
2006Mr. Monopoly
48.1%
2008Mr. Monopoly
48.1%
2011Mr. Monopoly
48.1%
2012Mr. Monopoly
48.1%
2013Mr. Monopoly
48.1%
2002J.R. Ewing
47.4%
2005Jed Clampett
46.6%
2006Jed Clampett
46.6%
2007Jed Clampett
46.6%
2008Jed Clampett
46.6%
2010Jed Clampett
46.6%
2011Jed Clampett
46.6%
2012Jed Clampett
46.6%
2002Gordon Gekko
45.9%
2008Gordon Gekko
45.9%
2010Carlisle Cullen
45.9%
2011Carlisle Cullen
45.9%
2011Gordon Gekko
45.9%
2012Carlisle Cullen
45.9%
2013Carlisle Cullen
45.9%
2002Auric Goldfinger
43.6%
2005Ebenezer Scrooge
41.4%
2008Ebenezer Scrooge
41.4%
2002Thurston Howell III
39.8%
2005Thurston Howell III
39.8%
2006Thurston Howell III
39.8%
2007Thurston Howell III
39.8%
2008Thurston Howell III
39.8%
2010Thurston Howell III
39.8%
2002Richie Rich
38.3%
2005Richie Rich
38.3%
2006Richie Rich
38.3%
2006Tony Montana
38.3%
2007Richie Rich
38.3%
Year Fictional Character % Correct
2008Richie Rich
38.3%
2010Richie Rich
38.3%
2011Richie Rich
38.3%
2012Richie Rich
38.3%
2013Richie Rich
38.3%
2012Tywin Lannister
36.8%
2006Prince Abakaliki of Nigeria
36.1%
2013Tyson Lannister
35.3%
2013Christian Grey
33.1%
2006Mario
32.3%
2010Lucille Bluth
31.6%
2002Lex Luthor
28.6%
2005Lex Luthor
28.6%
2005Arthur Bach
26.3%
2008Jabba the Hutt
26.3%
2011Arthur Bach
26.3%
2007Princess Peach
24.8%
2011Jeffrey Lebowski
24.1%
2012Forrest Gump
24.1%
2007Ming the Merciless
21.8%
2008Adrian “Ozymandias” Veidt
21.8%
2008Artemis Fowl II
21.8%
2010Adrian “Ozymandias” Veidt
21.8%
2010Artemis Fowl II
21.8%
2011Artemis Fowl II
21.8%
2012Robert Crawley
20.3%
2013Lady Mary Crawley
19.5%
2012Lisbeth Salander
17.3%
2002Cruella De Vil
15.8%
2005Cruella De Vil
15.8%
2007Mom
15.8%
2007Carter Pewterschmidt
15.8%
2010Chuck Bass
15%
2011Chuck Bass
15%
2008Uncle Sam
13.5%
2011Jo Bennett
9.8%
2012Jo Bennett
9.8%
2010Sir Topham Hatt
9%
2002Santa Claus
8.3%
2005Santa Claus
8.3%
2007Gomez Addams
6%
2013Walden Schmidt
6%
2010Tooth Fairy
3.8%
2012Flintheart Glomgold
3.8%
2007Fake Steve Jobs
3%
Remove Ads.
Support Sporcle.
Get the best of Sporcle when you Go Orange. This ad-free experience offers more features, more stats, and more fun while also helping to support Sporcle. Thank you for becoming a member.

You're not logged in!

Compare scores with friends on all Sporcle quizzes.
OR
Log In

Show Comments

Extras

Top Quizzes Today


Score Distribution

Your Account Isn't Verified!

In order to create a playlist on Sporcle, you need to verify the email address you used during registration. Go to your Sporcle Settings to finish the process.

Report this User

Report this user for behavior that violates our Community Guidelines.

Details: